Statistiques concernant Naruto - Tous les Kage

Cliquez ici pour prendre le quiz!

Statistiques générales

  • Ce quiz a été pris 110 fois
  • Le résultat moyen est 16 sur 25

Statistiques - réponses

HintRéponse% Correct
7th HokageNaruto
100%
6th HokageKakashi
99%
5th HokageTsunade
99%
4th HokageMinato
98%
1st HokageHashirama
95%
2nd HokageTobirama
95%
5th KazekageGaara
91%
3rd HokageHiruzen
91%
1st RaikageA
80%
2nd RaikageA
80%
3rd RaikageA
80%
4th RaikageA
80%
3rd TsuchikageOnoki
70%
5th RaikageDarui
67%
5th MizukageMei
67%
2nd TsuchikageMu
59%
6th MizukageChojuro
54%
4th KazekageRasa
48%
4th MizukageYagura
45%
4th TsuchikageKurotsuchi
44%
2nd MizukageGengetsu
32%
1st MizukageByakuren
23%
1st KazekageReto
16%
2nd KazekageShamon
12%
1st TsuchikageIshikawa
6%

Distribution des résultats

Percentile par nombre de réponses

% des personnes avec chaque résultat

Votre développement - résultats

Vous n’avez pas pris ce quiz